000 00714nam a22002297a 4500
001 8848
003 FISKH
005 20251023102612.0
008 251023b cb ||||| |||| 00| 0 eng d
040 _aFISKH
_beng
_cFISKH
_dFISKH
050 _aPE1119.P365
082 _a813.54
100 _aAnonymous
245 _aHoward's screechy violin :
_bReady reader story book /
260 _aNew Delhi :
_bSterling,
_c2008.
300 _a24 unnumbered pages :
_bcolor illustrations ;
_c28 cm
490 _aFisher-Price
520 _aHoward's family discovers a creative way to deal with his screechy practicing.
650 _aPerseverance
_vJuvenile fiction
_xJriendship
942 _2ddc
_cBK
_n0
999 _c8848
_d8848